000 nam a22 7a 4500
999 _c7820
_d7820
008 171025b xxu||||| |||| 00| 0 eng d
020 _a9780781775540
100 _aFosbinder Robert
_94294
245 _aEssential of Radiologic Science
260 _aPhiladelphia
_bWolters Kulwer Health
_c2012